000
00327nam a2200121Ia 4500
008
220216s9999 xx 000 0 und d
100
_a
Goldthorpe C C
245
2
_a
A definition and typology of plantation agriculture. Part 1
260
_b
Planter
_c
1989
300
_a
180-188
650
_a
Plantation agriculture
942
_c
JS
999
_c
53330
_d
53330